| 000 | 00611nam a22001937a 4500 | ||
|---|---|---|---|
| 999 |
_c21302 _d21302 |
||
| 003 | AR-CdUCM | ||
| 008 | 190411b ||||| |||| 00| 0 spa d | ||
| 040 |
_aMUNICIPALIDAD PROVINCIAL DEL CUSCO _cBIBLIOTECA MUNICIPAL DEL CUSCO |
||
| 082 |
_aEP/869/L54 _bL54 |
||
| 100 |
_aLevita Ccorimanya, Dina _944469 |
||
| 245 | _aPayaqkirun y la laguna de Piuray / | ||
| 260 |
_aCusco ; _bDanny, _c2017. |
||
| 300 |
_a18 Páginas. : _bilustraciones en color ; _c30 cm. |
||
| 650 |
_aLiteratura infantil _9588 |
||
| 650 |
_aLeyendas _92226 |
||
| 650 |
_aLiteratura cusqueña _944463 |
||
| 942 |
_2ddc _cLIBROS |
||
| 945 | _aRoel | ||